MARC

LEADER 00000nam0a2200000 4500
001 31752
005 20231030204556.0
035 |a (RuTPU)RU\TPU\book\32044 
035 |a BOOK00000115 
090 |a 31752 
100 |a 20011210d1992 k y0rusy50 ca 
101 0 |a rus 
102 |a RU 
105 |a y z 000zy 
200 1 |a Новые методы, системы обработки и интерпретации сейсморазведочной информации на ЭВМ  |e Сборник трудов  |f Ассоц. разработчиков и пользователей компьютер. технологий интегр. обраб. и интерпретации геол.-геофиз. данных  |h Ч. 2 
210 |a Тюмень  |c Геоинформмарк  |d 1992 
215 |a 126 с. 
320 |a Библиогр. в конце статей 
610 1 |a геология 
610 1 |a каротаж 
610 1 |a ГИС 
610 1 |a интерпретация 
610 1 |a вычислительные машины 
610 1 |a результаты 
610 1 |a обработка 
610 1 |a математическое моделирование 
610 1 |a оптимизация 
610 1 |a углеводороды 
610 1 |a нефть 
610 1 |a газ 
610 1 |a глины 
610 1 |a коллекторы 
675 |a 550.832.05  |v 3 
712 0 2 |a Ассоциация разработчиков и пользователей компьютерных технологий интегрированной обработки и... 
801 0 |a RU  |b 63413507  |c 20011210  |g PSBO 
801 2 |a RU  |b 63413507  |c 20140519  |g RCR 
900 |a Математические методы моделирования в геологии 
942 |c BK